[Event "AUTO-OPEN-1047"]
[Site "http://www.queenalice.com/game.php?id=416210"]
[Date "2008.6.11"]
[Round "2"]
[White "janosik"]
[Black "silverado"]
[Result "1-0"]
[WhiteElo "1967"]
[BlackElo "1939"]

1. e4 e5 2. d4 Nf6 3. dxe5 Nxe4 4. Qd5 Qh4 5. Be3 c6 6. Qd3 d5 7. exd6 Bxd6 8.
Nf3 Qg4 9. h3 Qe6 10. Be2 f6 11. O-O O-O 12. Nc3 Nxc3 13. Qxc3 Na6 14. Bc4 Qxc4
15. Qxc4+ Kh8 16. Rad1 Rd8 17. Bf4 Bf5 18. Rxd6 Rxd6 19. Bxd6 Rc8 20. Qf7 Bg6
21. Qxb7 Bf5 22. Qxa6 h5 23. Nh4 Be6 24. Re1 Bd7 25. Ng6+ Kh7 26. Nf8+ Kh6 27.
Nxd7 1-0

[Event "AUTO-OPEN-1047"]
[Site "http://www.queenalice.com/game.php?id=416215"]
[Date "2008.6.11"]
[Round "2"]
[White "janosik"]
[Black "morpheo"]
[Result "1-0"]
[WhiteElo "1976"]
[BlackElo "2019"]

1. e4 c5 2. c3 Nc6 3. d4 cxd4 4. cxd4 Nf6 5. Nc3 d6 6. Nf3 g6 7. Bc4 a6 8. O-O
Bg7 9. Qe2 O-O 10. Rd1 b5 11. Bb3 Bg4 12. h3 Bd7 13. e5 dxe5 14. dxe5 Ne8 15. e6
Nd6 16. exd7 Qxd7 17. Be3 Qc7 18. Rac1 Nf5 19. Nd5 Qb7 20. Bc5 Rfe8 21. Ng5 e6
22. Nf4 Nd8 23. Bd5 Nc6 24. Ngxe6 fxe6 25. Bxe6+ Kh8 26. Qg4 Ne5 27. Qg5 Bh6 28.
Qf6+ Bg7 29. Qg5 Nf7 30. Nxg6+ hxg6 31. Qxg6 Rxe6 32. Qxe6 Nh4 33. Qg4 Bf6 34.
Bd4 Bxd4 35. Qxh4+ Kg8 36. Qxd4 Kh7 37. Qf4 Rg8 38. g3 Rg7 39. Rc7 Qb8 40. Rxf7
Qg8 41. Rdd7 Rxf7 42. Qxf7+ Qxf7 43. Rxf7+ Kg6 44. Ra7 Kf5 45. Rxa6 Ke4 46. Rb6
Kd4 47. Rxb5 Kc4 48. a4 Kd3 49. Kg2 Kc4 50. Kf3 Kd4 51. Kf4 Kc4 52. h4 Kd4 53.
g4 Kd3 54. h5 Ke2 55. Rd5 Kxf2 56. Re5 Kg2 57. Re2+ Kh3 58. Rf2 Kh4 59. Rh2# 1-0

[Event "AUTO-OPEN-1047"]
[Site "http://www.queenalice.com/game.php?id=416216"]
[Date "2008.6.11"]
[Round "2"]
[White "morpheo"]
[Black "janosik"]
[Result "1-0"]
[WhiteElo "1967"]
[BlackElo "2060"]

1. d4 d5 2. c4 dxc4 3. e4 e5 4. d5 f5 5. Bxc4 Nf6 6. Bg5 fxe4 7. Nc3 Nbd7 8.
Nxe4 h6 9. Nxf6+ Nxf6 10. Bxf6 Qxf6 11. Nf3 Bb4+ 12. Nd2 O-O 13. O-O Qf4 14. g3
Qd4 15. Qc2 Bf5 16. Qb3 Bd6 17. Nf3 Qg4 18. Nh4 Bd7 19. Rab1 Rf6 20. Qxb7 Raf8
21. b3 Qd4 22. Rbd1 Qc5 23. Rd2 e4 24. Ng2 Bh3 25. Re2 Bg4 26. Re3 Qd4 27. Qb5
Kh8 28. Nh4 Bc5 29. Ng2 Bh3 30. Qa5 Bb6 31. Qe1 Qe5 32. Rxe4 Qb2 33. Re2 Qd4 34.
a4 a5 35. Rd2 Qc5 36. Qe2 Rf3 37. Nf4 Bxf1 38. Qxf3 Bxc4 39. Ng6+ Kg8 40. Nxf8
Qxf8 41. Qxf8+ 1-0

[Event "AUTO-OPEN-856"]
[Site "http://www.queenalice.com/game.php?id=420575"]
[Date "2008.6.20"]
[Round "3"]
[White "filatelista"]
[Black "janosik"]
[Result "0-1"]
[WhiteElo "1988"]
[BlackElo "1969"]

1. Nf3 d5 2. d4 Nf6 3. Bf4 c5 4. c3 Nc6 5. e3 Qb6 6. b3 Bg4 7. Be2 e6 8. O-O Be7
9. h3 Bh5 10. Nbd2 cxd4 0-1

[Event "AUTO-OPEN-1029"]
[Site "http://www.queenalice.com/game.php?id=426365"]
[Date "2008.7.2"]
[Round "2"]
[White "holandes"]
[Black "janosik"]
[Result "0-1"]
[WhiteElo "2026"]
[BlackElo "2043"]

1. e4 d5 2. exd5 Nf6 3. d4 Nxd5 4. c4 Nb6 5. Nc3 e5 6. dxe5 Qxd1+ 7. Nxd1 Nc6 8.
Nf3 Bg4 9. Be2 O-O-O 10. O-O Bxf3 11. Bxf3 Nxe5 12. Be4 Nbxc4 13. Nc3 Bc5 0-1

[Event "AUTO-OPEN-1029"]
[Site "http://www.queenalice.com/game.php?id=426366"]
[Date "2008.7.2"]
[Round "2"]
[White "janosik"]
[Black "holandes"]
[Result "1-0"]
[WhiteElo "2027"]
[BlackElo "2028"]

1. e4 Nf6 2. e5 Nd5 3. d4 d6 4. Nf3 Bg4 5. Bc4 dxe5 6. dxe5 e6 7. Nc3 c6 8. O-O
Be7 9. h3 Nxc3 10. bxc3 Qxd1 11. Rxd1 Bxf3 12. gxf3 Nd7 13. f4 O-O-O 14. Be3 a6
15. Rd2 Nc5 16. Rad1 Rxd2 17. Rxd2 Ne4 18. Rd3 Bh4 19. Bb3 Rg8 20. Kg2 g5 21.
Kf3 gxf4 22. Kxe4 fxe3 23. Rxe3 Bxf2 24. Rf3 Rg2 25. Rxf7 Bc5 26. Bxe6+ Kb8 27.
Rxh7 Rxc2 28. Kd3 Rf2 29. h4 Rf3+ 30. Kc4 Bf2 31. h5 Ka7 32. Bc8 Rf4+ 33. Kd3
Kb6 34. e6 Rf8 35. Bd7 Kc7 36. e7 Rf3+ 37. Ke2 1-0

[Event "AUTO-OPEN-1029"]
[Site "http://www.queenalice.com/game.php?id=426371"]
[Date "2008.7.2"]
[Round "2"]
[White "janosik"]
[Black "martusdog"]
[Result "1/2-1/2"]
[WhiteElo "2054"]
[BlackElo "1812"]

1. e4 e6 2. d4 g6 3. Nc3 Bg7 4. Nf3 c6 5. Bd3 h6 6. O-O d6 7. Be3 Nd7 8. Qe2
Ngf6 9. Rad1 O-O 10. h3 d5 11. exd5 cxd5 12. Rfe1 a6 13. a3 b6 14. Qd2 Nh7 15.
Bf4 Bb7 16. Bxh6 Qf6 17. Ne2 Rfe8 18. Ng3 e5 19. dxe5 Nxe5 20. Nxe5 Rxe5 21.
Rxe5 Qxe5 22. Re1 Qxb2 23. Re7 Bc8 24. Re8+ Nf8 25. Qf4 f5 26. Qc7 Bxh6 27. Rxc8
Rxc8 28. Qxc8 a5 29. Qc6 Qd4 30. Bxf5 Kh7 31. Bd3 Bf4 32. Nf1 Kh6 33. Qe8 Qc5
34. a4 Qd6 35. Ne3 d4 36. Ng4+ Kg7 37. Qe4 Nh7 38. Qb7+ Qc7 39. Qe4 Qd6 40. Qb7+
Qc7 41. Qd5 Qd6 42. Qb7+ Qc7 1/2-1/2

[Event "AUTO-OPEN-1029"]
[Site "http://www.queenalice.com/game.php?id=426372"]
[Date "2008.7.2"]
[Round "2"]
[White "martusdog"]
[Black "janosik"]
[Result "0-1"]
[WhiteElo "1847"]
[BlackElo "2044"]

1. e4 d5 2. exd5 Nf6 3. Bc4 Nxd5 4. Nf3 Bg4 5. h3 Bh5 6. d4 e6 7. c3 Nc6 8. O-O
Bd6 9. Nbd2 O-O 10. Ne4 Be7 11. Ng3 Bg6 12. Re1 a6 13. a4 Na5 14. Bxd5 Qxd5 15.
Re5 Qb3 16. Qd2 Nc4 17. Qf4 Nxe5 18. Nxe5 Rad8 19. Qd2 Bf6 20. Nxg6 hxg6 21. Ra3
Qd5 22. b4 c6 23. a5 Qc4 24. Qf4 Rd7 25. Ne4 Be7 26. Bd2 Qd5 27. h4 Qf5 28. Qe3
Bxh4 29. c4 Rfd8 30. Rd3 Bf6 31. Nxf6+ Qxf6 32. Bc3 Qf5 33. f4 Qg4 34. Qf2 Qf5
35. Qf3 g5 36. g4 Qg6 37. Qh3 gxf4 38. Rd2 Qh6 39. Qf3 Kf8 40. Rh2 Qg6 41. Rh8+
Ke7 42. Rxd8 Rxd8 0-1

[Event "AUTO-ADV-816"]
[Site "http://www.queenalice.com/game.php?id=435250"]
[Date "2008.7.18"]
[Round "2"]
[White "janosik"]
[Black "Artking"]
[Result "1-0"]
[WhiteElo "2017"]
[BlackElo "1862"]

1. e4 g6 2. d4 Bg7 3. Nc3 c5 4. Nf3 Nc6 5. Be3 cxd4 6. Nxd4 a6 7. Qd2 Nf6 8. f3
d6 9. O-O-O Bd7 10. g4 Be6 11. Nxe6 fxe6 12. g5 Nd7 13. Bh3 O-O 14. Bxe6+ Kh8
15. h4 Nde5 16. f4 Nf3 17. Qf2 Bxc3 18. bxc3 Nfe5 19. h5 Qa5 20. hxg6 Qa3+ 21.
Kb1 Nxg6 22. Qh2 Rf7 23. Bxf7 Nf8 24. g6 Qxc3 25. Qxh7+ 1-0

[Event "AUTO-ADV-816"]
[Site "http://www.queenalice.com/game.php?id=435251"]
[Date "2008.7.18"]
[Round "2"]
[White "Artking"]
[Black "janosik"]
[Result "0-1"]
[WhiteElo "1850"]
[BlackElo "2007"]

1. d4 d5 2. c4 dxc4 3. Nc3 a6 4. e4 b5 5. a4 b4 6. Nd5 e6 7. Ne3 Bb7 8. f3 Nc6
9. d5 exd5 10. exd5 Na5 11. Nxc4 Nxc4 12. Bxc4 Qh4+ 13. g3 Qxc4 14. Ne2 Bc5 15.
Bf4 Qxd5 16. Qxd5 Bxd5 17. Rf1 Nf6 18. Rc1 Bd6 19. Bxd6 cxd6 20. Nf4 Kd7 21.
Nxd5 Nxd5 22. Kf2 Rac8 23. h4 Rxc1 24. Rxc1 Rc8 25. Rxc8 Kxc8 26. Ke2 Kd7 27.
Kd3 Kc6 28. Kc4 a5 29. Kd4 g6 30. Kd3 Kc5 31. Ke4 Kc4 32. g4 Ne7 0-1

[Event "AUTO-ADV-816"]
[Site "http://www.queenalice.com/game.php?id=435252"]
[Date "2008.7.18"]
[Round "2"]
[White "janosik"]
[Black "FrankC"]
[Result "1-0"]
[WhiteElo "1994"]
[BlackElo "1908"]

1. e4 e5 2. d4 exd4 3. Nf3 c5 4. Bc4 f6 5. O-O d6 6. c3 dxc3 7. Nxc3 a6 8. Qe2
Nc6 9. Be3 Bg4 10. h3 Bxf3 11. Qxf3 Be7 12. Rad1 h5 13. Qf5 Kf8 14. Bxc5 Qa5 15.
b4 Nxb4 16. Bxb4 Qxb4 17. Qe6 Nh6 18. Nd5 Qxc4 19. Qxe7+ Kg8 20. Rc1 Qd4 21. Rc7
f5 22. exf5 Rf8 23. Qxd6 Kh7 24. Qg6+ Kg8 25. Ne7# 1-0

[Event "AUTO-ADV-816"]
[Site "http://www.queenalice.com/game.php?id=435253"]
[Date "2008.7.18"]
[Round "2"]
[White "FrankC"]
[Black "janosik"]
[Result "1/2-1/2"]
[WhiteElo "1889"]
[BlackElo "2066"]

1. e4 d5 2. exd5 Nf6 3. c4 c6 4. dxc6 Nxc6 5. h3 e5 6. a3 Bc5 7. d3 Bf5 8. Nc3
O-O 9. Be3 Bxe3 10. fxe3 Qb6 11. Qd2 Rad8 12. Be2 Ne4 13. Nxe4 Bxe4 14. Nf3 f5
15. Qc1 Bxd3 16. c5 Qb5 17. Bxd3 Qxd3 18. Kf2 f4 19. Rd1 fxe3+ 20. Qxe3 Qc2+ 21.
Qe2 Qxc5+ 22. Kg3 Nd4 23. Nxd4 exd4 24. Kh2 Qd6+ 25. Kh1 d3 26. Qd2 Rf7 27. Rac1
Rdf8 28. Qe3 Rf2 29. Qxd3 Qxd3 30. Rxd3 Rxb2 31. Rc7 Rf1+ 32. Kh2 Rff2 33. Kh1
h6 34. Rg3 Rf7 35. Rc8+ Kh7 36. Rc4 b5 37. Rcg4 a5 38. Kh2 b4 39. axb4 axb4 40.
Rg6 Rb7 41. Rd6 b3 42. Rd1 Rc2 43. Re3 b2 44. Ree1 Rbc7 45. Rb1 Rc1 46. Rg1 R7c2
47. Rxb2 Rxb2 48. Rxc1 Kg6 49. h4 Kf6 50. Kh3 Rb4 51. Rf1+ Kg6 52. g3 Rc4 53.
Rg1 Rb4 54. Rf1 1/2-1/2

[Event "AUTO-ADV-815"]
[Site "http://www.queenalice.com/game.php?id=443114"]
[Date "2008.8.3"]
[Round "3"]
[White "dante72"]
[Black "janosik"]
[Result "0-1"]
[WhiteElo "1751"]
[BlackElo "2050"]

1. e4 d5 2. exd5 Nf6 3. Bc4 Nxd5 4. Bxd5 Qxd5 5. Nc3 Qd8 6. d3 e5 7. Be3 Nc6 8.
a3 Bd6 9. Ne4 O-O 10. Ne2 f5 11. Nxd6 cxd6 12. O-O f4 13. Bd2 Qg5 14. Kh1 Bg4
15. f3 Be6 16. Ng3 Qh4 17. Be1 fxg3 18. Bxg3 Qh5 19. c3 Rad8 20. Qe1 Bf5 21. Qd2
Rf6 22. Kg1 Ne7 23. c4 Nc6 24. Bf2 Rh6 25. Bg3 Nd4 26. Rae1 b6 27. b4 Qf7 28. f4
Qh5 29. fxe5 dxe5 30. Rxe5 Rf6 31. c5 Qg6 32. cxb6 axb6 33. Qa2+ Be6 34. Qd2
Rxf1+ 35. Kxf1 Bf5 36. Qc3 Bxd3+ 37. Kg1 Ne2+ 38. Rxe2 Bxe2 39. h3 b5 40. Qe5
Bc4 41. Kh2 Re8 42. Qf4 h5 43. Bf2 Re4 44. Qb8+ Kh7 45. Qg3 Qxg3+ 46. Kxg3 Bd5
47. Bc5 g5 48. Kf3 Rxb4+ 49. Ke3 Rc4 50. Bb4 Bxg2 51. h4 gxh4 52. Kf2 Rc2+ 53.
Kg1 Bf3 54. Bd6 h3 55. Be5 Kg6 56. Bd6 Rg2+ 57. Kf1 h2 58. Bxh2 Rxh2 59. Kg1 Re2
60. Kf1 h4 61. Kg1 h3 62. a4 h2+ 63. Kf1 h1=R# 0-1

[Event "AUTO-ADV-815"]
[Site "http://www.queenalice.com/game.php?id=443115"]
[Date "2008.8.3"]
[Round "3"]
[White "janosik"]
[Black "dante72"]
[Result "1-0"]
[WhiteElo "2040"]
[BlackElo "1879"]

1. e4 e5 2. d4 exd4 3. Nf3 c5 4. Bc4 Nc6 5. O-O h6 6. c3 Nf6 7. Qe2 Be7 8. e5
Nh7 9. Rd1 d5 10. exd6 Qxd6 11. cxd4 O-O 12. Be3 Rd8 13. Nc3 Bg4 14. dxc5 Qf6
15. Nd5 Qe6 16. Nb6 Bxf3 17. Qxf3 Qf6 18. Qxf6 Bxf6 19. Nxa8 Rxa8 20. Rab1 Kf8
21. a3 Ne5 22. Be2 Ng5 23. f4 Nc6 24. fxg5 hxg5 25. Rd7 Rb8 26. b4 Ke8 27. Rbd1
Ne5 28. R7d5 a6 29. Bxg5 Ng6 30. Bxf6 gxf6 31. Bf3 Ne5 32. Kf2 Nc4 33. Rd7 Ne5
34. Rxb7 Rxb7 35. Bxb7 Nd7 36. c6 Nb6 37. c7 1-0

[Event "AUTO-OPEN-873"]
[Site "http://www.queenalice.com/game.php?id=471056"]
[Date "2008.10.1"]
[Round "3"]
[White "Spike"]
[Black "janosik"]
[Result "0-1"]
[WhiteElo "2200"]
[BlackElo "1999"]

1. e4 e5 2. Nf3 Nc6 3. d4 exd4 4. Nxd4 Bc5 5. Nxc6 Qf6 6. Qd2 dxc6 7. Bd3 Be6 8.
O-O O-O-O 9. Nc3 Nh6 10. Qf4 Ng4 11. Qxf6 gxf6 12. Bf4 Rhg8 13. Rad1 Ne5 14. Na4
Bd6 15. Be2 Rg7 16. Bg3 Rdg8 17. b3 f5 18. f4 Ng4 19. Bxg4 fxg4 20. f5 Bd7 21.
Bxd6 cxd6 22. Rxd6 Rd8 23. Rfd1 b6 24. Kf2 Kc7 25. Kg3 Rgg8 26. Kf4 Bc8 27. Rxd8
Rxd8 28. Rxd8 Kxd8 29. Kxg4 Ba6 30. c4 Ke7 31. Kg5 c5 0-1

[Event "AUTO-OPEN-873"]
[Site "http://www.queenalice.com/game.php?id=471057"]
[Date "2008.10.1"]
[Round "3"]
[White "janosik"]
[Black "Spike"]
[Result "0-1"]
[WhiteElo "2008"]
[BlackElo "2194"]

1. e4 e6 2. d4 d5 3. e5 c5 4. Nf3 cxd4 5. Nxd4 Nc6 6. Nxc6 bxc6 7. Bd3 Qc7 8.
Bf4 c5 9. Bb5+ Bd7 10. Qe2 Ne7 11. Bxd7+ Qxd7 12. Nc3 Ng6 13. Bg3 Be7 14. O-O
O-O 15. Rfd1 Rab8 16. Rab1 Rfd8 17. h3 c4 18. b3 cxb3 19. axb3 Qc6 20. Na4 Rdc8
21. Rdc1 Ba3 22. Nb2 a5 23. f3 a4 24. Bf2 Bxb2 25. Rxb2 axb3 26. c3 Nf4 27. Qd2
Qc4 28. Be3 Nd3 29. Rd1 Nxb2 30. Qxb2 Qxc3 31. Qb1 Qxe3+ 0-1

[Event "AUTO-OPEN-857"]
[Site "http://www.queenalice.com/game.php?id=474079"]
[Date "2008.10.7"]
[Round "3"]
[White "Parma"]
[Black "janosik"]
[Result "1-0"]
[WhiteElo "1983"]
[BlackElo "2061"]

1. d4 d5 2. c4 dxc4 3. e3 e5 4. Qa4+ c6 5. Qxc4 Be6 6. Qc3 Qb6 7. a3 exd4 8.
exd4 Nf6 9. Nf3 Nbd7 10. Be3 Nd5 11. Qd2 Be7 12. Bd3 Nxe3 13. fxe3 O-O-O 14. O-O
g5 15. Nc3 g4 16. Ne1 h5 17. b4 Bg5 18. Ne4 Be7 19. Rc1 f5 20. Nc5 Nxc5 21. dxc5
Qc7 22. Qc2 Bg5 23. Qe2 f4 24. exf4 Bh6 25. Qxe6+ Rd7 26. Bf5 Bxf4 27. Rxf4 Qxf4
28. Qxd7+ 1-0

[Event "AUTO-OPEN-857"]
[Site "http://www.queenalice.com/game.php?id=474080"]
[Date "2008.10.7"]
[Round "3"]
[White "janosik"]
[Black "Parma"]
[Result "1-0"]
[WhiteElo "2044"]
[BlackElo "2040"]

1. e4 c5 2. c3 e6 3. d4 Be7 4. Nf3 Nf6 5. e5 Nd5 6. c4 Nb6 7. dxc5 Bxc5 8. Nc3
O-O 9. Ne4 Be7 10. Bd3 d5 11. exd6 Bf6 12. Nxf6+ Qxf6 13. O-O N8d7 14. Qe2 h6
15. Qe4 Qg6 16. Qd4 Qf6 17. Qe3 Na4 18. Rb1 b6 19. b3 Nac5 20. Bb2 Qd8 21. Bc2
Nf6 22. Rbd1 Bb7 23. Ne5 Ncd7 24. Nxd7 Qxd7 25. Bxf6 gxf6 26. Qxh6 f5 27. Rd3 f6
28. Rg3+ 1-0

[Event "AUTO-OPEN-857"]
[Site "http://www.queenalice.com/game.php?id=474083"]
[Date "2008.10.7"]
[Round "3"]
[White "janosik"]
[Black "malecar"]
[Result "0-1"]
[WhiteElo "2040"]
[BlackElo "2021"]

1. e4 c5 2. c3 Nf6 3. e5 Nd5 4. d4 cxd4 5. Nf3 Nc6 6. Bc4 Nb6 7. Bb3 dxc3 8.
Nxc3 a6 9. O-O Qc7 10. Re1 e6 11. Be3 Bb4 12. Rc1 O-O 13. a3 Ba5 14. Bc5 Bxc3
15. Rxc3 Re8 16. Bc2 Nd5 17. Qd3 f5 18. exf6 Nxf6 19. h3 d5 20. Bd4 Qe7 21. Bxf6
gxf6 22. Nd4 Kh8 23. Nf5 Qf8 24. Ng3 Qf7 25. Qd1 e5 26. Nf5 Bxf5 27. Bxf5 Rg8
28. Qb3 Nd4 29. Qd1 Nxf5 30. Qc1 Qh5 31. Kh2 Nd6 32. b4 Rac8 33. g3 Rxc3 34.
Qxc3 Nc4 35. f4 b5 36. fxe5 fxe5 37. Qd3 e4 38. Qd4+ Qe5 39. Qg1 Nxa3 40. Rc1
Rxg3 0-1

[Event "AUTO-OPEN-857"]
[Site "http://www.queenalice.com/game.php?id=474084"]
[Date "2008.10.7"]
[Round "3"]
[White "malecar"]
[Black "janosik"]
[Result "0-1"]
[WhiteElo "2049"]
[BlackElo "2023"]

1. d4 d5 2. Nf3 Nf6 3. Nc3 Bf5 4. Bd2 e6 5. e3 Bd6 6. Bb5+ Nc6 7. Nh4 Bg4 8.
Bxc6+ bxc6 9. f3 Nh5 10. g3 Bh3 11. Qe2 Nxg3 12. hxg3 Bxg3+ 13. Kd1 Qxh4 14. Be1
Bxe1 15. Qxe1 Qxe1+ 16. Kxe1 Bg2 17. Rg1 Bxf3 18. Rxg7 Bh5 19. Rg5 Bg6 20. Kd2
Ke7 21. Rf1 h5 22. Nd1 h4 23. Nf2 h3 24. Rh1 Bf5 25. Rg3 Rag8 26. Rxg8 Rxg8 27.
Nxh3 Rg2+ 28. Kc3 Rg3 29. Nf2 Rxe3+ 30. Nd3 Bxd3 31. cxd3 Re2 32. Rf1 f5 33. Rf4
Kf6 34. a3 Kg5 35. Rf1 f4 36. Rf3 Kg4 37. Rf1 f3 38. b4 Kg3 0-1